Bairros de Ipojuca em um mapa - Statistics

Estatísticas Gerais
  • Esse quiz foi jogado 18 vezes
  • A pontuação média é 5 de 21
Respostas no mapa
Respostas codificadas por cores de uma escala verde-vermelha no mapa do quiz de acordo com a % correta abaixo.
 
Estatísticas das Respostas
Bairro % Correto
Centro
100%
Centro
100%
Muro Alto
80%
Cupe
60%
Maracaípe
60%
Merepe
20%
Ponta de Serrambi
20%
Toquinho
20%
Alto da Caixa D'água
0%
Alto da Palmeira
0%
Antônio Dourado Neto
0%
Canoas
0%
Enseada de Serrambi
0%
Enseadinha
0%
Nova Camela
0%
Rurópolis Centro
0%
Salinas
0%
Santo Antônio
0%
Santo Cristo
0%
São Miguel
0%
Vila do Porto
0%
Nenhum quiz correspondente encontrado
Distribuição das Pontuações
Porcentagem de Pessoas com Cada Pontuação
Percentil de Números Respondidos
Sua Pontuação Histórica
Você não jogou esse quiz